|
|
|
|
| LEADER |
01003nam a2200349 4500 |
| 001 |
DLU040026580 |
| 005 |
##20021230 |
| 040 |
# |
# |
|a DLU
|b vie
|
| 041 |
# |
# |
|a vie
|
| 044 |
# |
# |
|a vn
|
| 082 |
# |
# |
|a 530
|b NG-L
|
| 100 |
# |
# |
|a Nguyễn Hữu Lộc
|
| 245 |
# |
# |
|a Thử nghiệm áp dụng kỹ thuật EDA để tạo ra sản phẩm điện tử /
|c Nguyễn Hữu Lộc
|
| 260 |
# |
# |
|a Đà Lạt :
|b Trường Đại học Đà Lạt,
|c 2003
|
| 300 |
# |
# |
|a 18 tr. ;
|c 30 cm
|
| 504 |
# |
# |
|a Tài liệu tham khảo : tr. 18
|
| 653 |
# |
# |
|a EDA
|
| 653 |
# |
# |
|a Electronic Design Automation
|
| 653 |
# |
# |
|a Kĩ thuật EDA
|
| 653 |
# |
# |
|a Kỹ thuật EDA
|
| 653 |
# |
# |
|a Sản phẩm điện tử
|
| 653 |
# |
# |
|a Thiết kế điện tử
|
| 915 |
# |
# |
|a Vật lý,
|c Đề tài nghiên cứu khoa học cấp trường
|
| 992 |
# |
# |
|a 0
|
| 994 |
# |
# |
|a DLU
|
| 900 |
# |
# |
|a True
|
| 911 |
# |
# |
|a Thái Thị Thanh Thủy
|
| 925 |
# |
# |
|a G
|
| 926 |
# |
# |
|a A
|
| 927 |
# |
# |
|a LA
|
| 980 |
# |
# |
|a Thư viện Trường Đại học Đà Lạt
|